| Tag |
First Indicator |
Second Indicator |
Subfields |
| LEADER |
00000cam a2200000 4500 |
| 001 |
in00000058819 |
| 005 |
20151008050502.0 |
| 008 |
790208s1917 enk 00010 eng |
| 010 |
|
|
|a 18002507
|
| 035 |
|
|
|a (OCoLC)04631469
|
| 035 |
|
|
|9 AAG1320AM
|
| 040 |
|
|
|a DLC
|c GPM
|d TXA
|d UtOrBLW
|
| 049 |
|
|
|a TXAM
|c [204049]
|
| 050 |
0 |
0 |
|a JC507
|b .C8
|
| 092 |
|
|
|a 320.4
|b C973c
|
| 100 |
1 |
|
|a Cunningham, W.
|q (William),
|d 1849-1919.
|
| 245 |
1 |
4 |
|a The common weal ;
|b six lectures on political philosophy /
|c by W. Cunningham ...
|
| 264 |
|
1 |
|a Cambridge [England] :
|b The University press,
|c 1917.
|
| 300 |
|
|
|a xiii, 117 pages ;
|c 20 cm.
|
| 336 |
|
|
|a text
|b txt
|2 rdacontent
|
| 337 |
|
|
|a unmediated
|b n
|2 rdamedia
|
| 338 |
|
|
|a volume
|b nc
|2 rdacarrier
|
| 500 |
|
|
|a "These lectures ... have been published already, week by week, in the British citizen."--Pref.
|
| 505 |
0 |
|
|a I. Nationality and sovereignty.--II. Personal monarchy and parliamentary government.--III. The mechanism of society.--IV. Good and bad government.--V. The sense of citizenship.--VI. Personal character.--Appendixes: I. Free trade illusion. II. Ideals for society and personal Christian life.--Index.
|
| 650 |
|
0 |
|a Political science.
|
| 650 |
|
0 |
|a Economic history.
|
| 650 |
|
0 |
|a Political ethics.
|
| 651 |
|
0 |
|a Great Britain
|x Politics and government.
|
| 999 |
|
|
|a MARS
|
| 999 |
f |
f |
|s 44777ce0-f1fe-3f2c-b5b1-a2bdecc70064
|i 05fcd23d-4760-3940-a37c-68943035c7a5
|t 0
|
| 952 |
f |
f |
|p ric
|a Texas A&M University
|b Rellis Campus
|c Joint Library Facility
|d Remote Storage
|t 0
|e JC507 .C8
|h Library of Congress classification
|i unmediated -- volume
|m A14800658711
|
| 998 |
f |
f |
|a JC507 .C8
|t 0
|l Remote Storage
|